000 00593nmm a2200181Ia 4500
008 251105s9999||||xx |||||||||||||||||und||
020 _a9789560103970
041 _aspa
100 _aCareaga Butter, Marcelo
245 0 _aCurrículum cibernético y gestión del conocimiento: fundamentos y modelos de referencia
264 _a[Santiago de Chile, Chile] :
_bRil editores,
_c2017
300 _a460 páginas
650 _aEducation
700 _aCareaga Butter, Marcelo
700 1 _a Avendaño Veloso, Angélica
856 _uhttps://public.digitaliapublishing.com/a/47461
942 _cCF
999 _c63557
_d63557